|
|
|
|
| LEADER |
00000cam a2200000 c 4500 |
| 001 |
054664535 |
| 003 |
DE-627 |
| 005 |
20251219214646.0 |
| 007 |
tu |
| 008 |
970322s1979 gw ||||| 00| ||ger c |
| 015 |
|
|
|a 79,N44,0018
|2 dnb
|
| 015 |
|
|
|a 80,A12,0089
|2 dnb
|
| 020 |
|
|
|a 3786707758
|9 3-7867-0775-8
|
| 035 |
|
|
|a (DE-627)054664535
|
| 035 |
|
|
|a (DE-576)065874676
|
| 035 |
|
|
|a (DE-599)GBV054664535
|
| 035 |
|
|
|a (OCoLC)264265617
|
| 035 |
|
|
|a (OCoLC)34556072
|
| 035 |
|
|
|a (AT-OBV)AC03349032
|
| 040 |
|
|
|a DE-627
|b ger
|c DE-627
|e rakwb
|
| 041 |
|
|
|a ger
|
| 044 |
|
|
|c XA-DE
|
| 082 |
0 |
|
|a 704.94855
|
| 084 |
|
|
|a 02a
|a 12a
|2 sdnb
|
| 084 |
|
|
|a BS 4450
|2 rvk
|0 (DE-625)rvk/16369:
|
| 084 |
|
|
|a BM 8590
|2 rvk
|0 (DE-625)rvk/12960:
|
| 084 |
|
|
|a BM 8530
|2 rvk
|0 (DE-625)rvk/12953:
|
| 084 |
|
|
|a 11.51
|2 bkl
|
| 084 |
|
|
|a 11.52
|2 bkl
|
| 100 |
1 |
|
|0 (DE-588)11934467X
|0 (DE-627)080153429
|0 (DE-576)212189476
|4 aut
|a Nyssen, Wilhelm
|d 1925-1994
|
| 109 |
|
|
|a Nyssen, Wilhelm 1925-1994
|
| 191 |
|
|
|a 1
|
| 245 |
1 |
0 |
|a Maria, geisterfüllte Kirche
|b Meditation in Wort und Bild
|c Wilhelm Nyssen. [Zeichn.: Hans Palm]
|
| 264 |
|
1 |
|a Mainz
|b Matthias-Grünewald-Verlag
|c 1979
|
| 300 |
|
|
|a 120 S.
|b zahlr. Ill. (farb.)
|c 27 cm
|
| 336 |
|
|
|a Text
|b txt
|2 rdacontent
|
| 337 |
|
|
|a ohne Hilfsmittel zu benutzen
|b n
|2 rdamedia
|
| 338 |
|
|
|a Band
|b nc
|2 rdacarrier
|
| 601 |
|
|
|a Meditation
|
| 689 |
0 |
0 |
|d s
|0 (DE-588)4074567-3
|0 (DE-627)106089102
|0 (DE-576)209194448
|2 gnd
|a Marienverehrung
|
| 689 |
0 |
1 |
|q z
|2 gnd
|a Geschichte 370-1100
|
| 689 |
0 |
|
|5 (DE-627)
|
| 700 |
1 |
|
|0 (DE-588)133856747
|0 (DE-627)557786193
|0 (DE-576)277413338
|4 oth
|a Palm, Hans
|d 1940-
|
| 856 |
4 |
2 |
|u http://d-nb.info/801032598/04
|m B:DE-101
|q pdf/application
|v 20161127003401
|x Verlag
|3 Inhaltsverzeichnis
|7 1
|
| 935 |
|
|
|a mteo
|
| 935 |
|
|
|i Blocktest
|
| 936 |
r |
v |
|a BS 4450
|b Marienfeste, Marienverehrung
|k Theologie und Religionswissenschaften
|k Liturgiewissenschaft
|k Spezielle Liturgik
|k Das liturgische Jahr
|k Darstellungen
|k Einzeldarstellungen
|k Marienfeste, Marienverehrung
|0 (DE-627)1270757598
|0 (DE-625)rvk/16369:
|0 (DE-576)200757598
|
| 936 |
r |
v |
|a BM 8590
|b Betrachtungen und Betrachtungsformen
|k Theologie und Religionswissenschaften
|k Theologie des geistlichen Lebens
|k Systematische Darstellungen zur Theologie des geistlichen Lebens
|k Aszetische Theologie
|k Verwirklichungsformen des aszetischen Lebens und des Frömmigkeitslebens
|k Betrachtungen und Betrachtungsformen
|0 (DE-627)1270734318
|0 (DE-625)rvk/12960:
|0 (DE-576)200734318
|
| 936 |
r |
v |
|a BM 8530
|b Marianische Frömmigkeit
|k Theologie und Religionswissenschaften
|k Theologie des geistlichen Lebens
|k Systematische Darstellungen zur Theologie des geistlichen Lebens
|k Aszetische Theologie
|k Verwirklichungsformen des aszetischen Lebens und des Frömmigkeitslebens
|k Marianische Frömmigkeit
|0 (DE-627)1270734253
|0 (DE-625)rvk/12953:
|0 (DE-576)200734253
|
| 936 |
b |
k |
|a 11.51
|j Frühes Christentum
|0 (DE-627)106419641
|
| 936 |
b |
k |
|a 11.52
|j Mittelalterliches Christentum
|0 (DE-627)10641965X
|
| 951 |
|
|
|a BO
|
| ELC |
|
|
|b 1
|
| ORI |
|
|
|a SA-MARC-ixtheo_oa001.raw
|
| REL |
|
|
|a 1
|
| STA |
0 |
0 |
|a Marian devotion (motif),Marian devotion,Mary,Blessed Virgin
|
| STB |
0 |
0 |
|a Vénération de la Vierge Marie (motif),Vénération de la Vierge Marie,Dévotion mariale,Dévotion mariale
|
| STC |
0 |
0 |
|a Devoción a María
|
| STD |
0 |
0 |
|a Venerazione di Maria
|
| STE |
0 |
0 |
|a 圣母崇拜,玛利亚崇拜
|
| STF |
0 |
0 |
|a 聖母崇拜,瑪利亞崇拜
|
| STG |
0 |
0 |
|a Devoção a Maria
|
| STH |
0 |
0 |
|a Почитание Девы Марии
|
| STI |
0 |
0 |
|a Λατρεία της Παναγίας
|
| SUB |
|
|
|a REL
|
| SYG |
0 |
0 |
|a Verehrung,Marienfrömmigkeit,Marienkult
|
| TIM |
|
|
|a 100003700101_100011001231
|b Geschichte 370-1100
|